Od októbra máme znova okresné úrady

Bibliographic Details
Format: Article
Language:Slovak
PhysicalDescription:Fotogr.
ISSN:1210-2423
Subjects:

MARC

LEADER 00000nab a2200000 ar4500
001 vtls010555059
003 SK-MaSNL
005 20260305032719.0
008 131030c2013 xo wr|p|||||||000 b|slo
038 |a PPPK 
040 |a PPPKCL  |b slo  |c PPPKCL  |e AACR2 
041 0 |a slo 
044 |a xo  |c SK 
080 |a 353.2  |2 2001 
245 0 0 |a Od októbra máme znova okresné úrady  |c [text a foto] (bšl) 
300 |b Fotogr. 
650 0 7 |a okresné úrady  |2 pppkcl  |9 426369 
651 7 |a Kežmarok (Slovensko : okres)  |2 pppkcl  |9 51824 
651 7 |a Poprad (Slovensko : okres)  |2 pppkcl  |9 28675 
651 7 |a Levoča (Slovensko : okres)  |2 pppkcl  |9 30131 
773 0 |t Podtatranské noviny  |g Roč. LIV, č. 42 (2013), s. 1  |x 1210-2423 
852 |a PPPK  |b KIS3GCP 
999 |c 3321300  |d 3323230